000 nam a22 a 4500
999 _c142546
_d142546
003 BLK
005 20230412162750.0
008 180409b bul|||||r ||||||| ||bul||
010 _aKNG00148639000
040 _aBLK
041 _aBUL
_cBUL
080 _aБългарска литература
_b821.163.2
_x-93-32
_z821.163.2-93-32
080 _aБългарска литература
_b821.163.2
_x-93-34
_z821.163.2-93-34
100 1 _aСтъпов, Петър Иванов
_9379327
139 _aСтъпов, Петър Иванов
_bС 88
245 1 0 _aКога ще порасна?
_bПриказки и разкази за деца
_cПетър Иванов Стъпов; худож. Анжела Димитрова Минкова.
257 _aBGR
260 _aСофия
_bБълг. писател
_c1983
_fВ. Търново : Д. Найденов
300 _a152 с.
_bс ил.
_c22 см
380 _aDX
500 _a2 113 екз. от тир. подв.
700 1 _aМинкова, Анжела Димитрова
_eхудож.
_9377007
852 _aЦб 262209
856 4 _qpdf
_i0.95
_ldisable
856 4 _qpdf
_i0.95
_ldisable
942 _cKNG
_n0
_s1
944 _aCR
_c06.08.2013
_l06.08.2013 - от С1,Р / 06.08.2013
_kАйшегюл_Сабриева
944 _aED
_c16.09.2017
_l06.08.2013 - от С1,Р / 06.08.2013
_kНаталия_Любомирова
999 _d142546